[Event "Euwe Intern 2007-2008"]
[Site "Amsterdam"]
[Date "2007.12.20"]
[Round "15"]
[White "Westera, Bert"]
[Black "Witt, Rob"]
[Result "0-1"]
[WhiteElo "1967"]
[BlackElo "2236"]
[Annotator "Witt"]
[PlyCount "84"]
[EventDate "2007.??.??"]

{Mijn laatste partij van dit jaar. Het is de tijd van de kerst- en
nieuwjaarsborrels en op mijn werk werd ook vanaf 3 uur geschonken. Om half
acht verontschuldigde ik mij bij mijn collega's en vertrok ik in opperbeste
stemming naar de club. Daar zag ik tot mijn genoegen dat Hubrecht ook van de
partij was. Twee jaar geleden had ik na zo'n borrel kansloos van hem verloren
maar daar kwam ik pas de volgende ochtend achter toen ik mijn notatieblaadje
in mijn vestzakje vond. Een mooi moment voor een revanche dacht ik, maar ik
werd ingedeeld tegen Bert de Bruut. Een gevaarlijke speler die geniale
momenten afwisselt met merkwaardige fouten.} 1. e4 e6 2. d4 d5 3. Nc3 Nf6 {
Niet mijn gebruikelijke Winawer omdat ik bij een vorige confrontatie met Bert
gemerkt had dat hij daar veel ervaring mee heeft in correspondentiepartijen.}
4. e5 Nfd7 5. f4 c5 6. Nf3 Nc6 7. Be3 Be7 {Niet zo gebruikelijk maar ik had
dit vorig jaar ook gespeeld tegen Lobzhanidze van Groningen II die ik nog
nooit 3.Pc3 had zien spelen en die achteraf zei dat hij zich op de Winawer had
voorbereid. Ook hij was, evenals Bert, niet op de hoogte van de successen van
de jonge 2600+ Chinezen Ni Hua en Wang. Hao} (7... cxd4) (7... a6) 8. Qd2 {4'}
O-O {3'} 9. O-O-O $6 {6' Ik herinnerde me dat deze zet als dubieus beschouwd
werd sinds een partij Pruijssers-Shilong waar wit op indrukwekkende wijze
geslacht werd.} c4 $1 10. f5 {7'} b5 {6'} 11. Ne2 {14' Een nieuwe zet dacht ik,
die onmogelijk goed kon zijn.} ({Pruijssers speelde} 11. fxe6 fxe6 12. Nxb5 Rb8
13. Nd6 Bxd6 14. exd6 Nb4 ({Een ander zeer recent en indrukwekkend voorbeeld is
} 14... Nf6 15. Ne5 Qb6 16. Qc3 Ne4 17. Qa3 c3 18. Nd3 e5 19. b3 exd4 20. Bf4
Ba6 21. Bg3 Rbe8 22. Nf4 Bxf1 23. Rhxf1 Nb4 24. d7 Rd8 25. Ne6 Rxf1 26. Rxf1 d3
27. Nxd8 Qe3+ 28. Kb1 dxc2+ 29. Ka1 c1=Q+ 30. Rxc1 Nc5 31. Nf7 Nxd7 32. Nd6 Nc5
33. Nb5 d4 34. Bf2 Qxf2 35. Nxc3 dxc3 36. Kb1 c2+ 37. Ka1 Nbd3 {0-1 Szelag,M 
(2478)-Gurevich,M (2627) Warsaw 2007}) 15. Kb1 Nf6 16. a3 Ne4 17. Qe1 c3 18. b3
Qa5 19. Bc1 Nxc2 20. Kxc2 Bd7 21. b4 Qa4+ 22. Kd3 c2 23. Rd2 Qb3+ 24. Ke2 Bb5+
25. Rd3 Qxd3# {0-1 Pruijssers,R (2355)-Li Shilong (2540) Dieren 2006}) 11...
exf5 {10'} 12. Nf4 {16'} (12. Nc3 Nb6 (12... Bb4 $5) 13. Nxb5 Na4 {is ook
prima voor zwart.}) 12... Nb6 13. Nh5 {19'} Re8 {16'} ({Bekend was nog} 13...
f4 $5 {Een mooie zet waar ik in het geheel niet aan gedacht heb.} 14. Bxf4 Bg4
15. Ng3 Na4 16. Qe1 c3 17. b3 Qa5 18. Rd3 Ba3+ 19. Kb1 Bb2 20. h3 Nb6 21. hxg4
Nc4 22. Rxc3 Bxc3 23. Bd3 h6 24. Bxh6 {1/2-1/2 Cvek,R (2512)-Luther,T (2594)
Bann 2006}) ({Ook interessant is} 13... Na4 $5) 14. Bh6 {20'} Bf8 15. Bg5 {30'}
f6 $4 {A tempo deze volstrekt belachelijke zet. Zelfs een te hoog
alcoholpromillage is geen bevredigende verklaring voor deze zet. Terwijl Bert
probeerde te bedenken wat hier achter kon zitten, realiseerde ik me dat de
pion gewoon twee keer geslagen kon worden. Ik vertrok naar de bar in het besef
dat dit een kort partijtje zou worden. Toen ik na 10' terugkwam, was Bert tot
mijn verbazing nog steeds aan het denken. Uiteindelijk verraste hij mij met
het voor mij volkomen onverwachte paardoffer.} 16. Nxf6+ $2 {46'} ({De zwarte
stelling is natuurlijk een absolute ramp na het normale} 16. exf6 Qd6 ({
Mijn "hoofdvariant" was} 16... gxf6 17. Bf4 $2 Re4 {wat me okay leek voor
zwart.}) 17. fxg7 Bxg7 18. Nxg7 Kxg7 {Al probeerde Bert achteraf wanhopig aan
te tonen dat het witte voordeel best wel meeviel.}) 16... gxf6 {25' Mijn
eerste gedachte was dat ik niet kon nemen zodat dit paardoffer ook winnend was.
Gelukkig zag ik toen mijn 18e zet.} 17. Bxf6 Qc7 18. Qg5+ Bg7 {Omdat deze zet
me eerst niet opgevallen was, dacht ik hier eerlijk gezegd dat Bert hem ook in
zijn vooruitberekening overzien had.} (18... Kf7 19. Qh5+ Kg8 20. Qxe8) 19. Nh4
Nd8 $5 {34'} ({Nijn eerste gedachte was het eveneens sterke} 19... Qf7 $5 {
maar na} 20. Be2 {miste ik het sterke} h6 $1 {bijv.} 21. Qh5 (21. Qg3 f4 $1 $17
) 21... Bxf6 22. Qxf7+ Kxf7 23. Bh5+ Kf8 24. exf6 Re6 25. Ng6+ Kg8 26. f7+ Kxf7
27. Nf4+ Kf6 28. Nxe6 Bxe6 {en wit heeft niks.}) ({Ook goed was eerst} 19... h6
{wat eigenlijk op hetzelfde neerkomt.}) 20. Be2 {59'} ({Onvoldoende is} 20.
Nxf5 Bxf5 21. Qxf5 {wegens bijv.} Qf7 22. Be2 Bxf6 23. Bh5 Qe6 $17) 20... Ne6 {
40'} 21. Qh5 ({Natuurlijk niet} 21. Qxf5 $2 {wegens} Nxd4 $19) 21... Rf8 {
Bert dacht tijdens en kort na de partij dat hij hier heel goed stond, maar
niets is minder waar.} 22. Nxf5 Bxf6 23. exf6 {Wit nog 28', zwart 48'.} Rxf6 ({
Ik zat al een paar zetten in de a tempo mode en vergat hier het geplande} 23...
Qf4+ {Gelukkig maar want nu zie ik dat dit minder goed is wegens} 24. Kb1 Rxf6
25. Ne7+ {dat hadden we in de nazit nog wel gezien} ({evenals} 25. Rdf1 Qg5 $19
) 25... Kg7 26. Nxd5 {maar deze hadden we gemist.} Nxd5 27. Qxd5 {en het
zwarte voordeel is niet meer zo duidelijk.}) ({Wel in aanmerking komt} 23...
Kh8 $5 {met als idee} 24. Rdf1 Nf4 $17 {maar daar hebben we niet naar gekeken.}
) 24. Rhf1 {27' Ik maakte me hier toch wel enige zorgen omdat ik niks goed kon
uitrekenen en ik baalde, ten onrechte dus, dat ik op de vorige zet Df4+
vergeten was.} Ng7 $2 {35'} (24... Kh8 {was mijn eerste gedachte maar ik
durfde het niet aan wegens} 25. Nh6 $2 {maar dan volgt sterk} (25. Qh4) 25...
Nf4 $1 $19 {Ook gemist in de nazit.} (25... Qg7 {wat ik wel gezien had, is
trouwens ook goed, maar ik was bang dat ik met mijn troebele blik iets
overzien had.})) 25. Nh6+ Rxh6 26. Qxh6 Bf5 {Ik was hie r trouwens ook
tevreden, maar dat is de tevredenheid van een onwetende.} 27. Rf2 $6 {22' Bert
was zeer tevreden over deze zet. Hij bereidt verdubbeling op de f-lijn voor en
tevens wordt c2 indirect gedekt. Toch is dit oordeel twijfelachtig.} ({Na het
betere} 27. Bh5 $1 {is de stelling onduidelijk. Minder goed is dan bijv.} c3 $2
{wegens} 28. Rxf5 cxb2+ 29. Kb1 Nxf5 30. Qe6+ Kg7 31. Qxf5 {en wit staat
eerder beter.}) 27... Qe7 {32' Staat ook bovenaan het lijstje van Rybka, maar
Fritz geeft} (27... Bg6 $5 {en dat lijkt inderdaad beter.} 28. h4 c3 29. Bxb5
cxb2+ 30. Kb1 Rc8 {en inmiddels vindt Rybka het ook goed voor zwart.}) 28. Rdf1
{17'} Bg6 {27'} ({Ik geloof dat we hier ook naar} 28... c3 {gekeken hebben,
maar de varianten en het oordeel ben ik vergeten.}) 29. h4 {14'} Qe4 $2 {26'} (
{Maar hier was meteen} 29... c3 $1 {veel sterker geweest, zoals we ook in de
nazit vaststelden.} 30. Kb1 $1 {Volgens Rybka is dit relatief het beste, maar
deze hebben we niet eens bekeken. Zwart staat nu voor een lastige keuze die je
tijdens de partij alleen op gevoel kan maken.} (30. b3 Qa3+ 31. Kd1 Qxa2 32.
Bg4 Re8 33. Qc1 (33. h5 Qb1+ 34. Qc1 Qxc1+ 35. Kxc1 Nxh5 $17) 33... h5 34. Be2
{een mooie computervariant is nu bijv.} Qa5 35. g4 Qb4 36. Qg5 Qxd4+ 37. Kc1
Qb4 $1 38. Kd1 Be4 39. gxh5 Nc4 $1 40. Bxc4 (40. h6 Ne3+ $1 41. Qxe3 Bxc2+ 42.
Kxc2 Rxe3 $19) 40... dxc4 41. Rg1 Qd6+ 42. Kc1 Re7 43. h6 Rd7 $19) (30. bxc3
Na4 31. Kd2 Nxc3 $1 32. Bd3 Qb4 33. Bxg6 Ne4+ 34. Kc1 hxg6 $19) 30... Qb4 ({
Het alternatief is} 30... cxb2 {bijv.} 31. Bxb5 Qb4 32. h5 Be4 33. Qf6 h6 34.
Qf7+ Kh8 35. Rf6 Qd2 36. R6f2 Bxc2+ 37. Kxb2 Qb4+ 38. Kxc2 Rc8+ 39. Kd1 Qxb5
$17) 31. b3 Nc4 32. Bxc4 dxc4 33. Qg5 Ne6 34. Qd5 Re8 35. Rf3 cxb3 36. axb3
Qxd4 $17) 30. Bd1 $6 {A tempo gespeeld en ook verwacht. Maar beter was} (30.
Bf3 $1 {bijv.} Qxd4 31. h5 Nf5 32. Qg5 Qe3+ 33. Qxe3 Nxe3 34. hxg6 Nxf1 35.
gxh7+ Kxh7 36. Rxf1 {met een onduidelijk eindspel. Wit staat in ieder geval
niet minder.}) 30... Qxd4 $2 {19'} ({Opnieuw kies ik niet voor het logische} 
30... c3 $1 {bijv.} 31. h5 cxb2+ 32. Kb1 Bf5 33. Rxf5 Nxf5 34. Qg5+ Ng7 35. h6
Qg6 (35... Qxd4 $2 36. Rf4 $1 Qc3 37. Qe7 $1 $18) 36. Qxg6 hxg6 37. hxg7 Na4
38. c4 $1 Nc3+ 39. Kxb2 Nxd1+ 40. Rxd1 dxc4 {Met opnieuw een onduidelijk
eindspel, maar hier staat zwart zeker niet slechter.}) 31. h5 {Nu staat wit
iets beter.} Be4 32. Qf4 {13'} h6 $6 {18'} ({Relatief beter maar
onaantrekkelijk was} 32... Nf5 33. Qg5+ Qg7 34. Rxf5 Bxf5 35. Rxf5 $16 {
met een mooi eindspel voor wit.}) 33. Qxh6 $2 {12'} ({Veel sterker was} 33. c3
$1 {Ook gemist in de nazit.} Qc5 34. Qxh6 Qe7 35. Bg4 {en wit staat op winst.})
33... Na4 {13'} 34. c3 $2 {8' Bert stort volledig in.} ({Noodzakelijk was} 34.
Qf6 $1 {een zet die ik ook gemist had.} Qxf6 35. Rxf6 Nc5 {en waarschijnlijk
staat wit iets beter.}) 34... Nxc3 $19 35. bxc3 Qxc3+ 36. Bc2 {6'} Bxc2 37.
Rxc2 ({Relatief beter maar ook verliezend was} 37. Qd2) 37... Qa1+ 38. Kd2 Qxf1
39. Qg6 {5'} Re8 {10'} (39... d4 $1) 40. Kc3 Qe1+ 41. Rd2 d4+ 42. Kc2 d3+ {
en we gingen een pilsje pakken. Jan Hein Donner zei het al lang geleden:
"Schaken is een geluksspel."} 0-1

[Event "Euwe intern 2007-2008"]
[Site "?"]
[Date "2008.01.17"]
[Round "2.1"]
[White "Geerts, Alexander"]
[Black "Witt, Rob"]
[Result "0-1"]
[WhiteElo "2050"]
[BlackElo "2236"]
[Annotator "Witt"]
[PlyCount "44"]
[EventDate "2008.??.??"]

1. d4 d5 2. Nf3 Nf6 3. c4 e6 4. Nc3 {1'} Bb4 {5'} 5. Bg5 {4'} ({Een
alternatief is eerst ruilen op d5} 5. cxd5 exd5 6. Bg5 h6 {En als wit dan
speelt als in de partij} 7. Bh4 g5 8. Bg3 Ne4 {dan is het pionoffer} 9. Nd2 $1
{kansrijk. Hiermee wist ik Wim Nijenhuis te verrassen in november 2006 nadat
hij mij eerder dit jaar had verrast toen hij mijn 9.Tc1 sterk beantwoordde met
het verrassende en sterke 9...h5. Beide partijen hebben op Euwe Online gestaan.
  Na} Nxc3 10. bxc3 Bxc3 11. Rc1 {kan zwart niet op d4 slaan} Bxd4 $2 {wegens}
12. Qa4+ Nc6 13. Rxc6 bxc6 14. Qxd4 $16) 5... h6 6. Bh4 {6'} g5 7. Bg3 Ne4 8.
Qc2 {8' Zonder ruil op d5 is dit de beste zet. Tijdens de partij realiseerde
ik me dit niet en legde Alexander naderhand ten onrechte uit dat je hier met 8.
Pd2 een pion moet offeren.} ({Maar na} 8. Nd2 $6 Nxc3 9. bxc3 Bxc3 10. Rc1 {
kan zwart wel op d4 slaan, al of niet voorafgegaan door Lb2.}) 8... h5 {8'} 9.
Be5 $2 {40' Na ruim een half uur piekeren deze nieuwe zet die echter niet goed
is. Beter is toch een zet met de h-pion, bijv.} (9. h4 Nxg3 10. fxg3 g4 {
Naumkin,I (2440)-Kovacevic,V (2515) Belgrade 1988 (21.1/2-1/2)} (10... gxh4))
9... f6 {11'} 10. cxd5 {56'} exd5 11. Nxg5 {58'} fxe5 ({Arne mailde me
naderhand dat hij niets van de partij begreep. Waarom niet gewoon} 11... Nxg5
$1 {Alexander vreesde deze zet ook. En zelf had ik er ook als eerstel naar
gekeken, maar ik dacht dat mijn voortzetting ook zeer sterk was.} 12. Qg6+ Nf7
13. Bxf6 Qd6 {met de dreiging Pd7? Rybka gaat dan verder met} 14. e4 {maar
terecht gelooft Arne er niet in voor wit. Bijv.} Rh6 15. Qg8+ Qf8 16. Qxf8+
Kxf8 $17 {is zeer goed voor zwart.}) 12. Ngxe4 {60'} exd4 {16'  Ook over deze
zet had Arne zich verbaasd. Hij noemde het "unnecessary tactics (Nunn) en
misschien heeft hij gelijk.} ({Na zijn aanbeveling} 12... dxe4 13. Qxe4 Qe7 {
staat zwart inderdaad goed, maar dat sta ik ook na mijn voortzetting al is die
inderdaad riskanter.}) 13. Nd2 $2 {Wit nog 20'. Na deze tweede slechte zet is
wit kansloos. het is jammer van de partij want Alexander had een interessant
alternatief waarna zwart nauwkeurig moet spelen om zijn materiële voordeel
vast te houden.} (13. O-O-O $1 dxc3 {Wij hadden ons eerst bezig gehouden met}
14. Nxc3 (14. Rxd5 {Deze zet van Alje Hovenga hadden Alexander en ik in eerste
instantie niet eens gezien. Ik kan me de analyses niet meer herinneren, maar
het lijkt goed voor zwart na bijv.} Qe7 15. Nxc3 Nc6 16. e3 (16. Qg6+ Qf7 17.
Qe4+ Qe6 $17) 16... Bxc3 17. Qxc3 Rh6 18. Bb5 Bd7 19. Rhd1 O-O-O $17) 14...
Bxc3 ({We keken ook naar} 14... Qg5+ {maar dat vonden we minder goed na} 15. e3
Bxc3 16. Qxc3 {We misten echter} Rh6 $1 {en dit lijkt me toch wel goed voor
zwart.}) 15. Qxc3 {Dit is de kritieke stelling. Zowel Rybka en Fritz bevelen
de korte rokade aan. Dat oogt vreemd en hebben we in het geheel niet bekeken
voorzover ik me herinner.} (15. Qg6+ Ke7 $1 ({We bekeken alleen} 15... Kf8 {
en dat vonden we trouwens ook goed voor zwart.}) 16. bxc3 Qg8 $17) 15... O-O ({
Wij bekeken voornamelijk} 15... Rh6 16. e4 {en ik geloof niet dat we duidelijk
voordeel voor zwart konden aantonen.}) 16. Qg3+ $1 (16. e4 Qg5+ 17. Kb1 dxe4
18. Bc4+ Kh7 19. Bd5 Nc6 20. Bxc6 (20. Bxe4+ Bf5 21. Rhe1 Rad8 $17) 20... bxc6
21. Qxc6 Bf5 22. Ka1 (22. Qxc7+ Qg7) 22... Qg7 $17) 16... Kh7 17. e4 d4 18. Qe5
Kh6 19. Rxd4 Qf6 {en misschien hebben Rybka/Fritz gelijk en staat zwart na de
rokade goed.}) 13... dxc3 $19 {Zwart nog 1.13'} 14. bxc3 (14. Qg6+ Kf8 {
is ook hopeloos.}) 14... Qf6 15. Rc1 Bc5 {1.10'} 16. e3 Rf8 {1.02'} 17. Nf3 Nc6
18. Qb3 {18'} Bd6 {55'} (18... Bf5 $1 19. Qxb7 Rb8) 19. Qxd5 {16'} Qf5 {49'}
20. Qb3 {15'} Na5 {48'} 21. Qd1 {13'} Bd7 22. Bd3 Qg4 {46'  En Alexander hield
het voor gezien.} 0-1

[Event "Corus-4-kamp 1A"]
[Site "?"]
[Date "2008.01.14"]
[Round "1"]
[White "Witt, Rob"]
[Black "den Heeten, Djurre"]
[Result "0-1"]
[WhiteElo "2236"]
[BlackElo "2303"]
[Annotator "Witt"]
[PlyCount "54"]
[EventDate "2008.??.??"]

{Vorig jaar deed ik voor het eerst sinds 30 jaar weer eens mee aan het
Corustoernooi. Weliswaar niet meer in de meestergroep maar in een dagvierkamp.
Dat was me eigenlijk wel goed bevallen en voor herhaling vatbaar. Helaas bleek
de Nigeriaanse olympiadespeler Olape niet aanwezig. In zijn plaats de sterke
Djurre den Heeten van Wijker Toren.} 1. Nf3 d5 2. d4 Bg4 {Nooit tegen me gehad,
nooit bekeken en dus na twee zetten al out of book.} 3. e3 {Een solide maar
slappe voortzetting.} ({Beter is volgens "According to Kramnik"} 3. Ne5 Bf5 (
3... Bh5 4. c4 f6 5. Nf3 Bxf3 6. gxf3) 4. c4 f6 5. Nf3) 3... e6 4. c4 c6 5. Nc3
Nd7 6. h3 {5'} Bh5 {7'} 7. Bd3 {11'} Bd6 {12'} 8. e4 dxc4 9. Bxc4 Ne7 {14'} 10.
g4 {17'} (10. Be3 $14 {past beter bij mijn stijl.}) ({of ook} 10. O-O $14)
10... Bg6 11. Nh4 $6 {19'  Het consequente vervolg van mijn vorige zet, maar
niet geweldig.} (11. Be3) 11... b5 {18'} (11... Nd5 12. Nxg6 Nxc3 13. bxc3 hxg6
$13) (11... O-O $13) 12. Bd3 {21'} ({Er was ook iets te zeggen voor} 12. Bb3 {
bijv.} b4 13. Nxg6 Nxg6 14. Ne2 $13) 12... Nb6 {24'} ({Ik verwachtte} 12... e5
13. Be3 {en nu bijv.} exd4 14. Bxd4 O-O $13) 13. a4 $5 {33' Scherp maar
riskant, vooral omdat ik zwarts volgende zet helemaal niet in mijn
overwegingen betrokken had.} ({Mijn eerste gedachte} 13. Qb3 {was achteraf
gezonder geweest, maar ik wilde scherp spelen.}) 13... Bb4 $5 {30'  Weliswaar
gemist, maar ik vond het niet erg.} 14. axb5 {43'} ({De voorkeur verdiende
misschien} 14. Nxg6 Nxg6 15. axb5 Qxd4 16. Qc2) ({Interessant is ook} 14. O-O
Bxc3 ({een pointe is} 14... Qxd4 15. Nxb5 $1) 15. bxc3 Nxa4 16. Qc2 {met
compensatie voor de pion.}) 14... Qxd4 {35'} 15. Be3 Bxc3+ 16. Ke2 $1 {45'
Hierna moest ik even naar buiten om mijn nicotinegehalte op peil te brengen.
Zelfs in de bar mag dit jaar niet meer gerookt worden. Ik bedacht ondertusen
dat de zwarte dame wel naar d8 zou gaan en dat ik dan moest oppassen voor mijn
ongedekte paard op h4 door bijv. een zet als Ped5.} (16. bxc3 Qxc3+ 17. Ke2 Nc4
{beviel me niet zo, al lijkt het wel speelbaar na bijv.} 18. Qc1 ({of} 18. Rc1)
) 16... Qd8 {Zoals verwacht. Maar de computers geven de voorkeur aan} (16...
Qf6 17. Nxg6 ({Ik dacht in mijn onbenul dat Df6 helemaal niet kon wegens} 17.
g5 {maar zwart heeft} Bh5+ 18. f3 Qe5 19. bxc3 O-O {en zwart staat goed.} (
19... Qg3 20. Bxb6 Qxh4 21. Qg1 $14)) 17... Nxg6 18. g5 Qe5 19. bxc3 c5 $13)
17. bxc3 {49'} O-O {42'} ({Jammer dacht ik ten onrechte, want ik had gehoopt op
} 17... Ned5 $5 {wat er heel goed uitziet, maar ik beschik over} 18. Qc1 $1 {
en na bijv.} Nxe3 (18... Qxh4 $2 19. Bg5 $18) 19. Nxg6 hxg6 20. Qxe3 {vond ik
dat ik beter stond. Achteraf valt het toch een beetje tegen na bijv.} O-O 21.
bxc6 Qc7 $13) 18. f4 $2 {52' Waanzin. Op de een of andere manier was ik zwarts
antwoord weer geheel vergeten.} ({Noodzakelijk was} 18. Nxg6 hxg6 19. Qb3 {
en met mijn loperpaar moet ik hier toch beter staan.}) 18... Ned5 $1 $17 {
43'. Natuurlijk. Djurre speelde dit snel ten teken dat hij er de vorige zet
ook al over had nagedacht. Wit is gelijk in grote problemen.} 19. exd5 (19. Qc1
{is nu slecht wegens} Qxh4 20. exd5 Bxd3+ 21. Kxd3 cxb5) 19... Nxd5 20. Qe1 $2
{Ook niet de beste.} ({Meer tegenstand bood} 20. Qd2 {bijv.} Bxd3+ 21. Qxd3
Qxh4 22. c4 Nxe3 23. Qxe3 cxb5 24. cxb5 $17) 20... Nxf4+ $2 {52'} ({
Vernietigend was het meer voor de hand liggende} 20... Bxd3+ 21. Kxd3 Nxf4+ 22.
Kc2 Qd3+ 23. Kc1 Ne2+ 24. Kb2 Qxb5+ (24... Rab8 $19) 25. Kc2 Rfd8 $19) 21. Bxf4
Bxd3+ 22. Ke3 {Over 50' Dit leek me nog niet zo duidelijk en Djurre begon ook
lang na te denken.} Qd5 {Over 50'. Een verrassende zet, waar ik ook al een
tijdje naar zat te kijken.} (22... g5 23. Bxg5 Qxg5+ 24. Kxd3 Rfd8+ 25. Kc2 $13
) (22... Bxb5 23. Rd1 Qb6+ 24. Kf3 $13) ({Fritz geeft} 22... Bc4 $1 23. Nf3 (
23. Rd1 Qb6+ 24. Kf3 Bd5+ {is de pointe.}) 23... Qb6+ 24. Kd2 Rfd8+ 25. Kc1
cxb5 26. Qe3 $17 {Zwart staat beter maar wit kan nog vechten.}) 23. Bg3 $2 {
A tempo gespeeld omdat ik had bedacht dat dit de enige zet was. Ik had
duidelijk niet mijn dag. Er was echter nog een speelbaar alternatief.} (23. Qd2
$1 {Helaas niet naar gekeken. Het is niet duidelijk hoe zwart nu het beste
voortzet.} g5 (23... Rfd8 24. Kf2 cxb5 25. Nf3 $13) (23... e5 24. Bg5 $1 $13)
24. Qxd3 gxf4+ 25. Ke2 Qe5+ 26. Kf1 $13) (23. bxc6 $2 {Wat Fritz in eerste
instantie ook aangeeft, verliest wegens} Qe4+ 24. Kd2 {en nu het fraaie} Be2 $1
25. Qg3 (25. Qxe2 $2 Rfd8+ 26. Ke1 Qxh1+) 25... Rfd8+ 26. Bd6 Rab8 $19 {bijv.}
27. Rhb1 Rxb1 28. Rxb1 Qxb1 29. Kxe2 Qb5+ 30. Ke1 Qxc6 31. Bf4 Qh1+ 32. Ke2
Qd1+ 33. Kf2 Qc2+ 34. Kf3 Qxc3+ 35. Be3 Qc6+ 36. Kf2 a5 {en de a-pion zal
beslissen.}) 23... f5 $1 $19 {48' Na deze sterke zet heeft wit geen
verdediging meer.} 24. Ra4 {50'} c5 {38' Na deze droge zet wilde ik eigenlijk
opgeven, maar ik probeerde nog} ({Ik had nog gehoopt op} 24... f4+ 25. Rxf4
Rxf4 26. Bxf4 Qe4+ 27. Kd2 {maar dit verliest ook wegens} Rd8 $1 $19 {De loper
hangt en er dreigt Dxh1!}) 25. Ng2 {28'} Qxg2 {34'} 26. Kxd3 Rad8+ 27. Ke3 fxg4
{en mat is niet te voorkomen.} 0-1